Esercizi elementari e graduati per lo sviluppo della voce in chive di sol con accompagnamento di pianoforte, Op. 1

Na minha lista:
Detalhes bibliográficos
Autor principal: Marchesi, Matilde C. (autora)
Formato: Partitura Livro
Idioma:Língua italiana
Publicado em: Milán G. Ricordi 1900
coleção:Biblioteca Musicale Didascalica
Assuntos:
Tags: Adicionar Tag
Sem tags, seja o primeiro a adicionar uma tag!

MARC

LEADER 00000ncm a2200000 a 4500
001 UCN5793
003 CL-VaPUC
005 20220715102639.0
008 010907e19000000IT |||||||||||||||||ita|d
999 |c 296949  |d 296947 
040 |c Pontificia Universidad Católica de Valparaíso 
082 0 4 |a Ca783.0076 MAR 1900  |2 21 
100 |a Marchesi, Matilde C.  |e autora  |9 461467 
245 1 0 |a Esercizi elementari e graduati per lo sviluppo della voce in chive di sol con accompagnamento di pianoforte, Op. 1 
260 |a Milán  |b G. Ricordi  |c 1900 
300 |a 33 p 
490 0 |a Biblioteca Musicale Didascalica 
583 |a last modification  |c 20010907 00:00:00  |k Rodrigo Vera 
650 0 |a Canto, ejercicios  |2 CL-VaPUC  |9 461453 
650 0 |a Canto, estudio e instrucción  |2 CL-VaPUC  |9 461443 
650 0 |a Canto, técnicas de ejecución  |2 CL-VaPUC  |9 461446 
942 |c BK  |2 ddc 
945 |d 20010907 00:00:00  |a crobeson 
952 |0 0  |1 0  |2 ddc  |4 0  |6 CA_783_007600000000000_MAR_1900  |7 0  |8 F  |9 351255  |a BIBEDU  |b BIBEDU  |d 2019-11-21  |i 1163728  |o Ca783.0076 MAR 1900  |p 1163728  |r 2023-11-22  |w 2019-11-21  |y PA  |k MUS